000
00483nam a2200181Ia 4500
008
090124s9999 xx 000 0 und d
082
_b
119075
100
_a
भागवत मधुराणी
245
_a
फुलोरा
250
_a
1
260
_c
1981
300
_a
172
600
_a
भागवत मधुराणी
630
_a
फुलोरा
700
_a
भागवत मधुराणी
730
_a
फुलोरा
942
_c
BOOK
999
_c
165161
_d
165161